Sports Quiz

Random Sports or NBA Quiz

Last All-NBA Player Per Team Quiz Stats

 Plays Quiz Updated Jun 13, 2016

Challenge
Share
Tweet
Embed
Score 0/27 Timer 04:00
11 Plays Today
Team Player % Correct
Cleveland CavaliersLeBron James
98.6%
Miami HeatLeBron James
98.4%
Los Angeles LakersKobe Bryant
95.8%
Boston CelticsKevin Garnett
95.4%
Minnesota TimberwolvesKevin Garnett
95.4%
Oklahoma City ThunderRussell Westbrook
94.7%
Houston RocketsJames Harden
94%
New Orleans PelicansAnthony Davis
92.1%
Dallas MavericksDirk Nowitzki
91.8%
San Antonio SpursKawhi Leonard
91.5%
Memphis GrizzliesMarc Gasol
90.4%
Phoenix SunsSteve Nash and Amar'e Stoudemire
89.3%
Philadelphia 76ersAllen Iverson
88.9%
Los Angeles ClippersDeAndre Jordan
88.2%
Team Player % Correct
Orlando MagicDwight Howard
87%
Utah JazzKarl Malone
84.7%
Chicago BullsJoakim Noah
81.7%
Golden State WarriorsKevin Durant
81.2%
New York KnicksPatrick Ewing
80.8%
Atlanta HawksDominique Wilkins
80%
Brooklyn NetsJason Kidd
79%
Portland Trail BlazersDamian Lillard
70.9%
Sacramento KingsChris Webber
70.6%
Detroit PistonsGrant Hill
41.1%
Washington WizardsElvin Hayes
26.6%
Milwaukee BucksSidney Moncrief
24.3%
Denver NuggetsDavid Thompson
23%

You're not logged in!

Compare scores with friends on all Sporcle quizzes.
Join for Free
OR
Log In

You Might Also Like...

Show Comments

Extras

Top Quizzes Today


Score Distribution

Your Account Isn't Verified!

In order to create a playlist on Sporcle, you need to verify the email address you used during registration. Go to your Sporcle Settings to finish the process.

Report this User

Report this user for behavior that violates our Community Guidelines.

Details: